000 01522 a2200397 4500
005 20160219111624.0
008 160219s2016 ck ||||fr|||| 000 0 spa d
020 _a9789588866239
040 _aCO-BoUCM
_bspa
_cSaul Niño
_dSaul Niño
041 0 _aspa
245 0 0 _aAtajos hacia el humanismo cívico
_cCoautores Jorge Orlando García ... [y otros] ; compilador-editor Javier González Camargo
260 _c2016
_bUniversidad Sergio Arboleda
_aBogotá (Colombia)
300 _a159 páginas
490 0 _aInterés general. Filosofía
504 _aIncluye referencias bibliográficas
600 1 _aLlano Cifuentes, Alejandro
_xCrítica e interpretación
_975641
650 7 _917073
_aHumanismo
650 7 _915841
_aFilosofía política
650 7 _97408
_aCiudadanía
690 0 _aFilosofía
_975
700 1 _aGonzález Camargo, Javier
_eeditor
_975642
700 1 _aMancipe Flechas, Eduardo
_949691
700 1 _aPérez Bernal, Juan Carlos
_950664
700 1 _aTamayo Collins, Francisco
_975643
700 1 _aZanotti, Gabriel J.
_975644
700 1 _aGarcía, Jorge Orlando
_975645
700 1 _aPonce Montesinos, Gustavo
_975646
700 1 _aMedian, Wilmar Javier
_975647
700 1 _aMaiguel, José de Jesus
_975648
700 1 _aNavarro, María Angélica
_975649
700 1 _aAlámo Hernández, Pablo
_975650
700 1 _aIrizar, Liliana Beatríz
_975651
700 1 _aAyala Carabaio, Raquel
_975652
942 _2DEWEY
_cLIBRO
_a2
_e1
_h144
_mA862a
999 _c302686
_d302686